|
|
|
|
| LEADER |
00000nab a2200000 a 4500 |
| 001 |
vtls000837278 |
| 003 |
SK-MaSNL |
| 005 |
20260303205956.0 |
| 008 |
140423c2003 xo 0 slo |
| 015 |
|
|
|a SNBRB2003/06-17075
|
| 035 |
|
|
|a CLN000188933
|
| 040 |
|
|
|a SNKBUCL
|b slo
|c SNKBUCL
|e AACR2
|
| 041 |
0 |
|
|a slo
|
| 044 |
|
|
|a xo
|c SK
|
| 080 |
|
|
|a 7.097:791.43(437.6)
|2 1997
|
| 080 |
|
|
|a 791.43(437.6)
|2 1997
|
| 100 |
1 |
|
|a Sever, Peter,
|d 1924-2004
|4 aut
|9 103552
|
| 245 |
1 |
0 |
|a Priveľmi dámska jazda
|c Peter Sever
|
| 610 |
|
7 |
|a Slovenská televízia
|2 snkbucl
|9 115516
|
| 630 |
0 |
7 |
|a Dlhá krátka noc (film)
|2 snkbucl
|9 25358
|
| 655 |
|
7 |
|a články z novín a časopisov
|2 snkbucl
|9 267496
|
| 773 |
0 |
|
|t Literárny týždenník
|g Roč. 16, č. 25 (2003), s. 11
|x 0862-5999
|
| 850 |
|
|
|a Slovenská národná knižnica v Martine
|
| 852 |
|
|
|a SNK
|b KIS3GCP
|
| 958 |
|
|
|a RC
|
| 992 |
|
|
|a RBX
|
| 999 |
|
|
|c 2198107
|d 2200037
|